Nazarenos de la Semana Santa de Sevilla - Estadísticas

Estadísticas generales
  • Esta prueba ha sido intentada 202 veces
    93 desde el último reinicio
  • La puntuación promedio es 6 de 15
Estadísticas de respuestas
Pregunta Respuesta % Correcto
¿Qué hermandad tiene más nazarenos? La Macarena
97%
¿Qué hermandad tiene más nazarenos? El Gran Poder
76%
¿Qué hermandad tiene más nazarenos? Montesión
64%
¿Qué hermandad tiene más nazarenos? La Hiniesta
50%
¿Qué hermandad tiene más nazarenos? El Silencio
46%
¿Qué hermandad tiene más nazarenos? Jesús Despojado
45%
¿Qué hermandad tiene más nazarenos? La O
43%
¿Qué hermandad tiene más nazarenos? El Cristo de Burgos
38%
¿Qué hermandad tiene más nazarenos? Los Gitanos
34%
¿Qué hermandad tiene más nazarenos? Pasión
25%
¿Qué hermandad tiene más nazarenos? La Quinta Angustia
22%
¿Qué hermandad tiene más nazarenos? La Resurrección
22%
¿Qué hermandad tiene más nazarenos? El Baratillo
18%
¿Qué hermandad tiene más nazarenos? El Amor
12%
¿Qué hermandad tiene más nazarenos? El Carmen Doloroso
12%
No se encontraron pruebas coincidentes
Distribución de puntuación
Porcentaje de gente con cada puntuación
Porcentaje por número respondido
Historial de tus puntuaciones
No has intentado esta prueba desde el último reinicio